书目信息 |
| 题名: |
哲学自学举要
|
|
| 作者: | 陆善功 , 王道君 编 | |
| 分册: | ||
| 出版信息: | 北京 中央广播电视大学出版社 1985 |
|
| 页数: | 264页 | |
| 开本: | 19cm | |
| 丛书名: | ||
| 单 册: | ||
| 中图分类: | B0 | |
| 科图分类: | ||
| 主题词: | 哲学理论 | |
| 电子资源: | ||
| ISBN: | ||
| 000 | 00646nam0 2200241 45 | |
| 001 | 0185000353 | |
| 005 | 20050525113928.6 | |
| 010 | @dCNY1.20 | |
| 091 | @a2300.5 | |
| 100 | @a19900921d1985 em y0chiy0121 ea | |
| 101 | 0 | @achi |
| 102 | @aCN@b110000 | |
| 105 | @ay z 000yy | |
| 200 | 10 | @a哲学自学举要@Azhe xue zi xue ju yao@f陆善功,王道君编@FLu Shan Gong,Wang Dao Jun Bian |
| 210 | @a北京@c中央广播电视大学出版社@d1985 | |
| 215 | @a264页@d19cm | |
| 606 | @a哲学理论 | |
| 690 | @aB0@v3 | |
| 701 | 0 | @a陆善功@4编 |
| 701 | 0 | @a王道君@4编 |
| 801 | 0 | @aCN@b深圳图书馆@c20050525 |
| 801 | 2 | @aCN@bNLC@c20050525 |
| 905 | @f1@b219865@dB0@e100 | |
| 哲学自学举要/陆善功,王道君编.-北京:中央广播电视大学出版社,1985 |
| 264页;19cm |
| ISBN :CNY1.20 |
| ● |
| 相关链接 |
|
|
|
|
正题名:哲学自学举要
索取号:B0/100
 
预约/预借
| 序号 | 登录号 | 条形码 | 馆藏地/架位号 | 状态 | 备注 |
| 1 | 0219865 | 002048484 | 第一样本阅览室/ [索取号:B0/100] | 在馆 |